000 00698nam a2200289Ia 4500
005 20260324140359.0
008 008 260324s9999 xx 000 0 eng d
020 _a9780203984390
037 _aEBOOK
040 _aCRL
040 _beng
040 _cCRL
041 _2eng
041 _aeng
084 _qCRL
100 _aMichael Hill; John Vail; Jane Wheelock
_91204174
245 0 _aInsecure Times
245 0 _bLiving with Insecurity in Modern Society
260 _bTaylor and Francis
260 _c1999
365 _a
365 _b290
856 _uhttp://www.taylorfrancis.com/books/9780203984390
942 _cEBOOK
999 _c1806199
_d1806199